Sports Quiz

Random Sports or WWE Quiz

Shortest WWE I-C Title Reigns Quiz Stats

 Plays Quiz not verified by Sporcle

Score 0/10 Timer 05:00
0 Plays Today
Length Champion % Correct
5-10 MinutesChris Jericho
78.8%
6 DaysChris Jericho
78.6%
7 DaysJeff Hardy
73.9%
1 DayEdge
73.7%
6 DaysTriple H
73.7%
1 DayJeff Jarrett
69%
10-15 MinutesDean Douglas
67.9%
3 DaysRazor Ramon
62.7%
2 DaysThe Mountie
61.8%
7 DaysJohnny Nitro
45.1%

You're not logged in!

Compare scores with friends on all Sporcle quizzes.
OR
Log In

Show Comments

Extras

Top Quizzes Today


Score Distribution

Your Account Isn't Verified!

In order to create a playlist on Sporcle, you need to verify the email address you used during registration. Go to your Sporcle Settings to finish the process.

Report this User

Report this user for behavior that violates our Community Guidelines.

Details: